000 00527pab a2200181 454500
008 180718b2015 xxu||||| |||| 00| 0 eng d
100 _aWahedUzzaman, Wahed
245 _aDemocratic culture and participatory local governance in Bangladesh
260 _c2015
300 _ap.260-279.
362 _aApr
650 _aLocal Government - Bangladesh
650 _aParticipatory development - Bangladesh
650 _aLocal government
700 _aAlam, Quamrul
773 _aLocal Government Studies
909 _a109422
999 _c109417
_d109417